Authors &Mentors (Record no. 24376)

MARC details
000 -LEADER
fixed length control field 00700nam a22002177a 4500
003 - CONTROL NUMBER IDENTIFIER
control field OSt
005 - DATE AND TIME OF LATEST TRANSACTION
control field 20260616121447.0
008 - FIXED-LENGTH DATA ELEMENTS--GENERAL INFORMATION
fixed length control field 260616b |||||||| |||| 00| 0 eng d
020 ## - INTERNATIONAL STANDARD BOOK NUMBER
International Standard Book Number 0-325-00529-X
040 ## - CATALOGING SOURCE
Transcribing agency Chuka University Library
050 ## - LIBRARY OF CONGRESS CALL NUMBER
Classification number LB 1529
Item number .C35 2003
100 ## - MAIN ENTRY--PERSONAL NAME
Personal name Calkins Lucy
9 (RLIN) 27666
245 ## - TITLE STATEMENT
Title Authors &Mentors
260 ## - PUBLICATION, DISTRIBUTION, ETC.
Place of publication, distribution, etc. Portsmouth
Name of publisher, distributor, etc. Firsthand
Date of publication, distribution, etc. 2003
300 ## - PHYSICAL DESCRIPTION
Extent 132
Other physical details Illustrations
650 ## - SUBJECT ADDED ENTRY--TOPICAL TERM
Topical term or geographic name entry element English language -composition and exercise -study and teaching(primary)
9 (RLIN) 29386
650 ## - SUBJECT ADDED ENTRY--TOPICAL TERM
Topical term or geographic name entry element Authors-study and teaching (primary)- United States
9 (RLIN) 29387
650 ## - SUBJECT ADDED ENTRY--TOPICAL TERM
Topical term or geographic name entry element Curriculum planning -United States
9 (RLIN) 26921
700 ## - ADDED ENTRY--PERSONAL NAME
Personal name Amanda Hartman
9 (RLIN) 27959
942 ## - ADDED ENTRY ELEMENTS (KOHA)
Source of classification or shelving scheme Library of Congress Classification
Koha item type Long Loan Books
Suppress in OPAC No
Holdings
Withdrawn status Lost status Source of classification or shelving scheme Damaged status Not for loan Collection Home library Current library Shelving location Date acquired Source of acquisition Cost, normal purchase price Total Checkouts Full call number Barcode Date last seen Copy number Price effective from Koha item type
    Library of Congress Classification     General Collection Books Main Campus Library Main Campus Library General Stacks 16/06/2026 Donations from books for Africa 471.00   LB 1529 .C35 2003 34878/2026 16/06/2026 1 16/06/2026 Long Loan Books
    Library of Congress Classification     General Collection Books Main Campus Library Main Campus Library General Stacks 16/06/2026 Donations from books for Africa 471.00   LB 1529 .C35 2003 34879/2026 16/06/2026 2 16/06/2026 Long Loan Books

Powered by Koha